• 首页
  • 本馆介绍
  • 公告通知
  • 最新文献
  • 馆藏检索
  • 电子资源
  • 读者导购
  • 参考咨询
  • 我的图书馆
  • 登录
  • 详细信息显示
  • 放入我的书架
  • 预约/预借图书
  • 作者相关作品
  • 分类相关作品
  • 丛书相关作品
  • 出版社相关作品

书目信息

  • 表格格式
  • 工作单格式
  • 卡片格式
题名:
太平天国资料汇编
    
 
作者: ;太平天国历史博物馆 编
分册: 第二册下  
出版信息: 北京   中华书局  1979
页数: 497-973页
开本: 20cm
丛书名:
单 册:
中图分类: K254.06 , K254
科图分类:
主题词: 太平天国革命--史料 , 太平天国革命
电子资源:
ISBN:
000 00700nam0 2200241 450
001 1574400491
005 20150124204057.15
010    @dCNY3.45
091    @a11018.784@d¥3.45
100    @a19950109d1979 kemy0chiy0110 ea
101 0  @achi
102    @aCN@b110000
105    @ay z 000yy
200 1  @a太平天国资料汇编@9tai ping tian guo zi liao hui bian@h第二册下@f太平天国历史博物馆编
210    @a北京@c中华书局@d1979
215    @a497-973页@d20cm
606 0  @a太平天国革命@x史料
606 0  @a太平天国革命
690    @aK254.06@v5
690    @aK254@v4
711 02 @a太平天国历史博物馆@9tai ping tian guo li shi bo wu guan@4编
801  0 @aCN@bTSSF@c20150124
905    @aZUCC@dK254@eJY53:2:2
    
    太平天国资料汇编.第二册下/太平天国历史博物馆编.-北京:中华书局,1979
    497-973页;20cm
    
    
    ISBN :CNY3.45
    
●
相关链接 在E读中查询图书 在五车中查询图书 在当当中查询图书 在豆瓣中查询图书


正题名:太平天国资料汇编     索取号:K254/JY53:2:2         预约/预借

序号 登录号 条形码 馆藏地/架位号 状态 备注
1 7853782   278537825   学院路分馆/ [索取号:K254/JY53:2:2] 在馆    
唐山师范学院图书馆 欢迎您!
大连网信软件有限公司© 版权所有